| 000 | 00000nam 2200000zi 4500 |
| 001 | 9.931419 |
| 003 | CaOODSP |
| 005 | 20240125154526 |
| 006 | m o d f |
| 007 | cr |n||||||||| |
| 008 | 231213s2017 onc ob f000 0 eng d |
| 040 | |aCaOODSP|beng|erda|cCaOODSP |
| 043 | |an-cn--- |
| 086 | 1 |aNG21-21/2017E-PDF |
| 245 | 00|aVolunteer policy. |
| 246 | 37|aNGC volunteer policy |
| 264 | 1|a[Ottawa] : |bNational Gallery of Canada = Musée des beaux-arts du Canada, |c[2017] |
| 300 | |a1 online resource (ii, 3 pages) |
| 336 | |atext|btxt|2rdacontent |
| 337 | |acomputer|bc|2rdamedia |
| 338 | |aonline resource|bcr|2rdacarrier |
| 500 | |aCover title. |
| 500 | |a"This policy was approved by the Board of Trustees on September 19, 2017"--cover page. |
| 500 | |aIssued also in French under title: La politique sur le bénévolat. |
| 504 | |aIncludes bibliographical references (page 3). |
| 610 | 20|aNational Gallery of Canada|xManagement. |
| 650 | 0|aVolunteers|xGovernment policy|zCanada. |
| 710 | 2 |aNational Gallery of Canada, |eissuing body. |
| 775 | 08|tLa politique sur le bénévolat.|w(CaOODSP)9.931421 |
| 856 | 40|qPDF|s365 KB|uhttps://publications.gc.ca/collections/collection_2023/mbac-ngc/NG21-21-2017-eng.pdf |